Narodnoje chozjajstvo socialističeskich stran v 1981 godu soobščenija statističeskich upravlenij
Salvato in:
| Natura: | Libro |
|---|---|
| Lingua: | russo |
| Pubblicazione: |
Moskva
Finansy i statistika
1982
|
| Tags: |
Nessun Tag, puoi essere il primo ad aggiungerne!!
|
MARC
| LEADER | 00000nam a2200000 4500 | ||
|---|---|---|---|
| 001 | c133825 | ||
| 005 | 20041019155259.3 | ||
| 041 | 0 | |a rus | |
| 044 | |a RU | ||
| 245 | 1 | 0 | |a Narodnoje chozjajstvo socialističeskich stran v 1981 godu |b soobščenija statističeskich upravlenij |
| 264 | 1 | |a Moskva |b Finansy i statistika |c 1982 | |
| 300 | |a 149 s. | ||